Dôchodkový systém - efektivita verzus regulácia

Systém podpory dôchodkov a miera zabezpečenia sociálneho systému patrí medzi základné otázky teórie verejného sektora. Globálny aspekt sociálneho poistenia. Základný princíp fungovania verejného systému. Sociálny systém v SR a jeho reforma. I., II. a IIi. pilier dôchodkového systému. Riziká a možnos...

Ausführliche Beschreibung

Gespeichert in:
Bibliographische Detailangaben
1. Verfasser: Kramplová, Ľubica
Format: Buchkapitel
Sprache:Slowakisch
Schlagworte:
Tags: Tag hinzufügen
Keine Tags, Fügen Sie das erste Tag hinzu!

MARC

LEADER 00000naa$a2200000$$$4500
001 0023257
005 20230808081617.0
041 0 |a slo 
044 |a SK 
245 1 0 |a Dôchodkový systém - efektivita verzus regulácia  |c Ľubica Kramplová 
520 |a Systém podpory dôchodkov a miera zabezpečenia sociálneho systému patrí medzi základné otázky teórie verejného sektora. Globálny aspekt sociálneho poistenia. Základný princíp fungovania verejného systému. Sociálny systém v SR a jeho reforma. I., II. a IIi. pilier dôchodkového systému. Riziká a možnosti reformy. Možnosti slovenského kapitálového trhu. 
610 2 0 |a systémy sociálne 
610 2 0 |a systémy dôchodkové 
610 2 0 |a poistenie sociálne 
610 2 0 |a poistenie dôchodkové 
610 2 0 |a reformy sociálne 
610 2 0 |a reformy dôchodkové 
610 2 0 |a Slovensko 
610 2 0 |a trh kapitálový 
610 2 0 |a fondy penzijné 
100 1 |a Kramplová, Ľubica